Groupes ultras en France #1 - Statistiques

Statistiques générales
  • Ce quiz a été pris 642 fois
  • Le résultat moyen est 13 sur 20
Statistiques - réponses
Groupe Ultra Club % Correct
Bad Gones Olympique Lyonnais
97%
Green Angels 92 AS Saint-Etienne
93%
Roazhon Celtic Kop Stade Rennais
89%
Merlus Ultras FC Lorient
88%
Malherbe Normandy Kop 96 SM Caen
88%
Commando Ultras 84 Olympique de Marseille
85%
Ultras Marine 1987 Girondins de Bordeaux
82%
Ultras Populaire Sud OGC Nice
76%
K-Soce Team Paris Saint-Germain
76%
Kop Ciel et Marine HAC
73%
Red Tigers 94 RC Lens
72%
Horda Frénétik FC Metz
67%
_________ Trop Puissant Olympique de Marseille
64%
Ultra Boys 90 RC Strasbourg
62%
Orsi Ribelli AC Ajaccio
47%
Nemetum Ultras Clermont Foot 63
38%
Armata Ultras 2002 Montpellier
37%
Tribune Rino Della Negra Red Star
35%
STUP Pau FC
25%
Joyriders FC Sochaux Montbéliard
14%
Aucun quiz correspondant
Distribution des résultats
% des personnes avec chaque résultat
Percentile par nombre de réponses
Votre historique - résultats
Vous n’avez pas pris ce quiz